শিশুপালবধম / (Record no. 48136)
[ view plain ]
| 000 -LEADER | |
|---|---|
| fixed length control field | 01038nam a2200253 a 4500 |
| 001 - CONTROL NUMBER | |
| control field | 48136 |
| 003 - CONTROL NUMBER IDENTIFIER | |
| rucl marc code | BD-RjUL |
| 005 - DATE AND TIME OF LATEST TRANSACTION | |
| control field | 20211209054451.0 |
| 008 - FIXED-LENGTH DATA ELEMENTS--GENERAL INFORMATION | |
| fixed length control field | 160811s1990 ii ||||| |||| 00| 0 ben d |
| 020 ## - INTERNATIONAL STANDARD BOOK NUMBER | |
| Terms of availability | : Irs 40.00 |
| 035 ## - SYSTEM CONTROL NUMBER | |
| System control number | (BD-RjUL)48255 |
| 040 ## - CATALOGING SOURCE | |
| Original cataloging agency | BD-RjUL |
| Language of cataloging | ben |
| Transcribing agency | BD-RjUL |
| 041 ## - LANGUAGE CODE | |
| Language code of text/sound track or separate title | ben |
| 082 ## - DEWEY DECIMAL CLASSIFICATION NUMBER | |
| Edition number | 23 |
| Classification number | 891.2 |
| Author mark and year | MAS 1990 |
| 100 ## - MAIN ENTRY--PERSONAL NAME | |
| Personal name | মহাকবি-মাঘ-প্রণীতম |
| 9 (RLIN) | 145856 |
| 245 10 - TITLE STATEMENT | |
| Title | শিশুপালবধম / |
| Statement of responsibility, etc. | মহাকবি-মাঘ-প্রণীতম, সম্পাদক সত্যনারায়ণ চক্রবর্তী |
| 260 ## - PUBLICATION, DISTRIBUTION, ETC. (IMPRINT) | |
| Place of publication, distribution, etc. | কলিকাতা : |
| Name of publisher, distributor, etc. | সংস্কৃত পুস্তক, |
| Date of publication, distribution, etc. | ১৯৯০ |
| 300 ## - PHYSICAL DESCRIPTION | |
| Pagination | সর্গ ; |
| Size | ২১ সেমি। |
| 505 ## - FORMATTED CONTENTS NOTE | |
| Formatted contents note | সর্গ ১ -- সর্গ ১৪ -- |
| 650 ## - SUBJECT ADDED ENTRY--TOPICAL TERM | |
| Topical term or geographic name as entry element | সংস্কৃত সাহিত্য |
| 9 (RLIN) | 145857 |
| Topical term or geographic name as entry element | Sanskrite Literature |
| 9 (RLIN) | 145858 |
| 700 ## - ADDED ENTRY--PERSONAL NAME | |
| Personal name | চক্রবর্তী, সত্যনারায়ণ |
| 942 ## - ADDED ENTRY ELEMENTS (KOHA) | |
| Source of classification or shelving scheme | Dewey Decimal Classification |
| Koha item type | Books |
| Lost status | Source of classification or shelving scheme | Damaged status | Not for loan | Collection code | Permanent Location | Current Location | Shelving location | Date acquired | Source of acquisition | Cost, normal purchase price | Total Checkouts | Full call number | Date last seen | Copy number | Koha item type |
|---|---|---|---|---|---|---|---|---|---|---|---|---|---|---|---|
| Dewey Decimal Classification | Non-fiction | Central Library, University of Rajshahi | Central Library, University of Rajshahi | 27/08/1996 | Aligash library, Rajshahi | 56.00 | B 891.2 MAS V-1 1990 | 11/08/2016 | C-2 | Books | |||||
| Dewey Decimal Classification | Non-fiction | Central Library, University of Rajshahi | Central Library, University of Rajshahi | 27/08/1996 | Aligash library, Rajshahi | 56.00 | B 891.2 MAS V-1 1990 | 11/08/2016 | C-3 | Books | |||||
| Dewey Decimal Classification | Not For Loan | Non-fiction | Central Library, University of Rajshahi | Central Library, University of Rajshahi | Reading Room | 27/08/1996 | Aligash library, Rajshahi | 56.00 | B 891.2 MAS V-1 1990 | 11/08/2016 | C-1 | Books | |||
| Dewey Decimal Classification | Not For Loan | Non-fiction | Central Library, University of Rajshahi | Central Library, University of Rajshahi | Reading Room | 16/09/1981 | kalkata Indian International | 3.50 | B 891.2 MAS V-14 1969 | 29/04/2017 | C-1 | Books | |||
| Dewey Decimal Classification | Non-fiction | Central Library, University of Rajshahi | Central Library, University of Rajshahi | 09/12/2021 | 56.00 | B 891.2 MAS V-1 1990 | 31/12/2020 | C-4 | Books |